Design of equilibrium stage processes (Record no. 13251)

000 -LEADER
fixed length control field 00589nam a22002171 4500
001 - CONTROL NUMBER
control field 13251
003 - CONTROL NUMBER IDENTIFIER
control field BD-DhUET
008 - FIXED-LENGTH DATA ELEMENTS--GENERAL INFORMATION
fixed length control field 740517s1963 nyua b 000 0 eng
020 ## - INTERNATIONAL STANDARD BOOK NUMBER
International Standard Book Number 070586373
040 ## - CATALOGING SOURCE
Original cataloging agency DLC
Transcribing agency OAkU
Modifying agency BD-DhUET
082 ## - DEWEY DECIMAL CLASSIFICATION NUMBER
Classification number 660.28422
Item number SMI/1963
100 1# - MAIN ENTRY--PERSONAL NAME
Personal name Smith, Buford D.
245 10 - TITLE STATEMENT
Title Design of equilibrium stage processes
250 ## - EDITION STATEMENT
Edition statement 1st ed.
260 ## - PUBLICATION, DISTRIBUTION, ETC. (IMPRINT)
Place of publication, distribution, etc. New York
Name of publisher, distributor, etc. McGraw-Hill
Date of publication, distribution, etc. 1963
300 ## - PHYSICAL DESCRIPTION
Extent 647 p.
Other physical details ill.
Dimensions 24 cm.
490 ## - SERIES STATEMENT
Series statement McGraw-Hill chemical engineering series
504 ## - BIBLIOGRAPHY, ETC. NOTE
Bibliography, etc Includes bibliographies
650 #0 - SUBJECT ADDED ENTRY--TOPICAL TERM
Topical term or geographic name as entry element Chemical equilibrium
942 ## - ADDED ENTRY ELEMENTS (KOHA)
Koha item type General Book
Holdings
Not for loan Location (home branch) Date acquired Koha full call number Koha item type Damaged status Sublocation or collection (holding branch) Source of classification or shelving scheme Koha date last seen Shelving location Koha normalized classification for sorting Lost status Withdrawn status Piece designation (barcode) Copy number Price effective from
 Central Library, BUET2015-03-02660.28422/SMI/1963General Book Central Library, BUET 2015-03-02Circulation section660_284220000000000_SMI_1963  3495412015-03-02
 Central Library, BUET2015-03-03660.28422/SMI/1963General Book Central Library, BUET 2015-03-03Circulation section660_284220000000000_SMI_1963  2984522015-03-03
 Central Library, BUET2015-03-03660.28422/SMI/1963General Book Central Library, BUET 2015-03-03Circulation section660_284220000000000_SMI_1963  2984132015-03-03
 Central Library, BUET2015-03-03660.28422/SMI/1963General Book Central Library, BUET 2015-03-03Circulation section660_284220000000000_SMI_1963  2984742015-03-03
 Central Library, BUET2015-03-03660.28422/SMI/1963General Book Central Library, BUET 2015-03-03Circulation section660_284220000000000_SMI_1963  2985352015-03-03
 Central Library, BUET2015-03-03660.28422/SMI/1963General Book Central Library, BUET 2015-03-03Circulation section660_284220000000000_SMI_1963  2984362015-03-03
 Central Library, BUET2015-03-03660.28422/SMI/1963General Book Central Library, BUET 2015-03-03Circulation section660_284220000000000_SMI_1963  2984472015-03-03
 Central Library, BUET2015-03-03660.28422/SMI/1963General Book Central Library, BUET 2015-03-03Circulation section660_284220000000000_SMI_1963  2984082015-03-03
 Central Library, BUET2015-03-03660.28422/SMI/1963General Book Central Library, BUET 2015-03-03Circulation section660_284220000000000_SMI_1963  3495592015-03-03
 Central Library, BUET2015-05-11660.28422/SMI/1963General Book Central Library, BUET 2015-05-11Circulation section660_284220000000000_SMI_1963  11477102015-05-11
 Central Library, BUET2015-05-11660.28422/SMI/1963General Book Central Library, BUET 2015-05-11Circulation section660_284220000000000_SMI_1963  29846112015-05-11
 Central Library, BUET2015-05-11660.28422/SMI/1963General Book Central Library, BUET 2015-05-11Circulation section660_284220000000000_SMI_1963  34953122015-05-11
 Central Library, BUET2015-05-11660.28422/SMI/1963General Book Central Library, BUET 2015-05-11Circulation section660_284220000000000_SMI_1963  18836132015-05-11
 Central Library, BUET2015-05-11660.28422/SMI/1963General Book Central Library, BUET 2015-05-11Circulation section660_284220000000000_SMI_1963  29854142015-05-11
 Central Library, BUET2015-05-11660.28422/SMI/1963General Book Central Library, BUET 2015-05-11Circulation section660_284220000000000_SMI_1963  29856152015-05-11
 Central Library, BUET2015-05-19660.28422/SMI/1963General Book Central Library, BUET 2015-05-19Circulation section660_284220000000000_SMI_1963  29848162015-05-19
 Central Library, BUET2015-06-18660.28422/SMI/1963Reading Item Central Library, BUET 2015-06-18Reading section660_284220000000000_SMI_1963  6449172015-06-18